Il sorriso di Antnohy Perkins

Salvato in:
Dettagli Bibliografici
Autore principale: Salvatori Claudia
Natura: Libro
Lingua:lingua imprecisata
Pubblicazione: * Alacrán 2005
Tags: Aggiungi Tag
Nessun Tag, puoi essere il primo ad aggiungerne!!

MARC

LEADER 00000nam a2200000Ia 4500
001 358
003 NUMERAZIONE-ORIGINALE-BRESCIA
005 20260206230752.0
008 260206s9999 xx 000 0 und d
100 |a Salvatori Claudia 
245 0 |a Il sorriso di Antnohy Perkins 
260 |a * 
260 |b Alacrán 
260 |c 2005 
500 |a Le storie 
942 |2 ddc  |c BK  |n 0 
952 |0 0  |1 0  |2 ddc  |4 0  |6 26  |7 0  |9 28555  |a BS  |b BS  |d 2026-02-06  |i 358  |l 0  |o 2-6-*  |r 2026-02-06 22:40:37  |w 2026-02-06  |x [REVISIONARE]  |y BK 
999 |c 24221  |d 24221